Nuevos espacios urbanos Jacobo Krauel ; editor Carles Broto i Comerma ; textos editados y traducidos por Francesc Rovira, William George y Marta Rojals del Alamo (Registro nro. 32361)

Detalles MARC
000 -CABECERA
Longitud fija campo de control 00993nam a2200289 a 4500
003 - • IDENTIFICADOR DELl NÚMERO DE CONTROL
Identificador del número de control CO-ViMGA
008 - • CÓDIGOS DE INFORMACIÓN DE LONGITUD FIJA
Códigos de información de longitud fija 141112s2004 ck r 000 u spa d
020 ## - • NÚMERO INTERNACIONAL NORMALIZADO PARA LIBROS
Número Internacional Normalizado para Libros (ISBN) 8496424553
040 ## - FUENTE DE LA CATALOGACIÓN
Centro catalogador de origen CO-ViMGA
Lengua de catalogación spa
Centro transcriptor CO-ViMGA
041 ## - • CÓDIGO DE LENGUA
Código de lengua del texto/banda sonora o título independiente spa
082 04 - • NÚMERO DE LA CLASIFICACIÓN DECIMAL DEWEY
Número de clasificación (R) R711.41 K718m
100 1# - • PUNTO DE ACCESO PRINCIPAL-NOMBRE DE PERSONA
Nombre de persona Krauel, Jacobo
245 10 - • TITULO PROPIAMENTE DICHO
Título Nuevos espacios urbanos Jacobo Krauel ; editor Carles Broto i Comerma ; textos editados y traducidos por Francesc Rovira, William George y Marta Rojals del Alamo
300 ## - • DESCRIPCIÓN FÍSICA
Extensión 179 p. ilustraciones, fotos a color y planos 30 cm.
541 ## - NOTA DE FUENTE DE ADQUISICIÓN DIRECTA
-- 27.200; 1 c.
596 ## -
-- 2
598 ## -
-- NEW - ENCICLO
650 14 - • PUNTO DE ACCESO ADICIONAL DE MATERIA - TÉRMINO DE MATERIA
Término de materia o nombre geográfico como elemento inicial Arquitectura urbana
650 14 - • PUNTO DE ACCESO ADICIONAL DE MATERIA - TÉRMINO DE MATERIA
Término de materia o nombre geográfico como elemento inicial Espacio urbano
650 14 - • PUNTO DE ACCESO ADICIONAL DE MATERIA - TÉRMINO DE MATERIA
Término de materia o nombre geográfico como elemento inicial Urbanismo
700 1# - • PUNTO DE ACCESO ADICIONAL - NOMBRE DE PERSONA
Nombre de persona Broto i Comerma, Carles Ed.
926 ## -
-- B - GENERAL REFERENCIA R 711.4 K71 REFERENCIA 1
942 ## - ENTRADA DE ELEMENTOS AGREGADOS (KOHA)
Fuente de clasificaión o esquema Dewey Decimal Classification
Koha [por defecto] tipo de item LIbro
Existencias
Perdido Fuente de clasificación o esquema Estado Físico No para préstamo Forma de adquisición Localización permanente Localización actual Fecha adquisición Serie de enumeración / cronolog&íacute;a Préstamos totales Signatura completa Código de barras Fecha última consulta Número de copia Fecha del precio de reemplazo Tipo de item de Koha
  Dewey Decimal Classification     Sala Especializada Tercer Piso Biblioteca Pública Germán Arciniegas - Villavicencio Biblioteca Pública Germán Arciniegas - Villavicencio 12/04/2015 22/ago/2012   R711.41 K718m 25303 10/03/2022 Ej. 1 12/04/2015 LIbro









Instituto Departamental de Cultura del Meta - Red Departamental de Bibliotecas Públicas del Meta.